Missing Word: Consumer Warnings (US) Quiz Stats

Quiz Updated May 8, 2015

Challenge
Share
Tweet
Embed
Score 0/16 Timer 04:00
6 Plays Today
Disclaimer Missing Word % Correct
Do not try this at ____.HOME
98.6%
Keep this and all products out of the reach of ________.CHILDREN
98.6%
Batteries not ________. INCLUDED
97.5%
All ______ reserved. RIGHTS
96.1%
Objects in mirror may be ______ than they appear. CLOSER
95.8%
____ will enter; few will win.MANY
95.1%
Individual results may ____. VARY
94.2%
Quantities are limited; while supplies ____. LAST
93.4%
Disclaimer Missing Word % Correct
Any resemblance to actual _______, living or dead, is unintentional and purely coincidental.PERSONS
90.1%
______ discretion is advised. VIEWER
89.7%
No shirt, no shoes, no _______. SERVICE
88.6%
Above terms subject to ______ without notice.CHANGE
88.4%
Some _______ required. ASSEMBLY
82.2%
Do not drive or operate _____ machinery while using this product. HEAVY
81.3%
Professional ______ on closed track. DRIVER
79.7%
Caution: ___ coffee is hot. HOT
69.3%

Today's Daily Dose

Missing Word
NPR Programs

Quick Pick
1991 Events

On This Day
June 18th II

You're not logged in!

Compare scores with friends on all Sporcle quizzes.
Join for Free
OR
Log In

You Might Also Like...

Show Comments

Extras

Top Quizzes Today


Score Distribution

Your Account Isn't Verified!

In order to create a playlist on Sporcle, you need to verify the email address you used during registration. Go to your Sporcle Settings to finish the process.

Report this User

Report this user for behavior that violates our Community Guidelines.

Details: